Guardians of the Galaxy Vol. 2 (2017) character screen time - Statistics

General Stats
  • This quiz has been taken 111 times
  • The average score is 12 of 17
Answer Stats
screen time Answer % Correct
14:00 Groot
100%
35:45 Peter Quill
100%
19:45 Rocket
100%
17:00 Ego
99%
24:00 Gamora
99%
16:30 Drax
98%
16:15 Yondu Udonta
97%
11:00 Mantis
94%
10:30 Nebula
94%
4:45 Kraglin Obfonteri
77%
4:15 Taserface
72%
3:30 Ayesha
60%
1:30 Meredith Quill
40%
1:30 Stakar Ogord
37%
1:00 Martinex T'Naga
21%
:15 Charlie-27
18%
:15 Aleta Ogord
17%
No matching quizzes found
Score Distribution
Percent of People with Each Score
Percentile by Number Answered
Your Score History
You have not taken this quiz